000 00318nam a22001457a 4500
008 221212b ||||| |||| 00| 0 eng d
020 _a9781323512234
041 _aeng
080 _a91
082 _a91
100 _a19.2
101 _aGEO
245 _aINTRODUCTION TO EARTH SYSTEMS
_cBUSCH M R
942 _2udc
_cBK
999 _c59156
_d59156